|
|
|
|
| LEADER |
00668nab a2200205 i 4500 |
| 001 |
acta7896 |
| 005 |
20250930094617.0 |
| 008 |
161015s1972 hu o 000 hun d |
| 022 |
|
|
|a 0139-0171
|
| 040 |
|
|
|a SZTE Egyetemi Kiadványok Repozitórium
|b hun
|
| 041 |
|
|
|a hun
|
| 100 |
1 |
|
|a Szabó László
|
| 245 |
1 |
2 |
|a a hóban tisztaság lakik ....
|h [elektronikus dokumentum] :
|b [vers] /
|c Szabó László
|
| 260 |
|
|
|a JATE
|b Szeged
|c 1972
|
| 300 |
|
|
|a 21
|
| 490 |
0 |
|
|a Bölcsész
|
| 650 |
|
4 |
|a Bölcsészettudományok
|
| 650 |
|
4 |
|a Nyelvek és irodalom
|
| 695 |
|
|
|a Magyar irodalom - vers
|
| 856 |
4 |
0 |
|u http://acta.bibl.u-szeged.hu/7896/1/bolcsesz_1972_1_021.pdf
|z Dokumentum-elérés
|